| 000 | 01602nam a2200265 a 4500 | ||
|---|---|---|---|
| 005 | 20180803165403.0 | ||
| 008 | 140129b2006 ck ||||| |||| 00| 0 spa d | ||
| 040 | _cCO-BoIH | ||
| 041 | _aspa | ||
| 044 | _ack | ||
| 090 |
_aIAVH _b00996 |
||
| 100 |
_aMendivelso, D. _95707 |
||
| 245 | _aDirectorio de CAV y diagnóstico de especies post decomiso | ||
| 260 |
_aBogotá _bInstituto Alexander von Humboldt _c2006 |
||
| 300 | _a26 p. | ||
| 520 | _aDirectorio de los Centros de Atención y Valoración de fauna silvestre (CAV) en algunas corporaciones autónomas regionales (Cortolima, DAMA, Corantioquia, CAM, Corpornor, CVC, Corpamag, CVS y Corporinoquia); realizar un diagnóstico sobre las especies decomisadas, volúmen de decomisos en número de especies e individuos en la localidad, procedencia: lugar de captura, decomiso, cautiverio; especie nativa o no, el lugar de captura corresponde al área de distribución origibal de la especie; elaborar un listado de especies suceptibles al comercio ilegal a nivel local y regional; identificar el uso del animal decomisado; realizar un diagnóstico de procedimientos de liberaciones y reintroducciones de especies decomisadas; cuantificar y localizar goegráficamente las liberaciones e identificar y ponderar las especies con posibilidad de formular proyectos productivos | ||
| 650 |
_aCentros de atención _95708 |
||
| 650 |
_aFauna silvestre _992225 |
||
| 650 |
_aValoración _91325 |
||
| 650 |
_aCorporaciones autónomas _95709 |
||
| 650 |
_aDiagnóstico _930683 |
||
| 650 |
_aDecomiso _95710 |
||
| 942 |
_cINFORME _2z |
||
| 945 | _d2008-09-16 | ||
| 999 |
_c6589 _d6589 |
||